000 00398nam a2200169Ia 4500
003 0STCL
008 150530s9999 xx 000 0 und d
040 _aSTCL
_cSTCL
100 _aJoseph, E.X.
245 _aKrishna Iyer; Splendour of Humanism and Justice
260 _bKonark Delhi
_c2005
300 _a0
546 _aEnglish
942 _2ddc
_cBK
999 _c69503
_d69503
005 20220125171418.0